00694cam a22002411a 4500001001300000003000400013005001700017008004100034010001700075035002000092040002000112042001200132043001200144050002500156110002600181245007500207250001200282260004000294300003000334650005400364700001700418999001700435sa 66001547 DLC20260227112223.0940824s1963 ii k 000 0 eng  asa 66001547  a(OCoLC)30999390 aDLCcNcD-LdDLC apremarc aa-ii---00aKNU8103.8b.A28 19631 aUttar Pradesh (India)14aThe law relating to sugar factories in Uttar Pradesh /cby P.L. Malik. a2nd ed. aLucknow :bEastern Book Co.,c1963. a115 p. :bforms ;c25 cm. 0aSugar laws and legislationzIndiazUttar Pradesh.1 aMalik, P. L. c67864d67864